000 00292nam a22001337a 4500
008 171031b xxu||||| |||| 00| 0 eng d
020 _a9780262661416
041 _aeng
080 _a33
100 _a58
101 _aBUS
245 _aTHE MUTUAL FUND BUSINESS
_cPOZEN,R.C
942 _2udc
_cBK
999 _c36716
_d36716